00610 2200193 4500001002100000005001500021035002000036007000300056008004100059020001600100082001000116084001600126100002000142245007100162260004200233300005000275520007300325600001800398INLIS00000000000072820221012021943 a0010-1022000032ta221012 b 0 ind  a602175539-1 a398.2 a398.2 TIR c0 aTira Ikranegara1 aCerita Rakyat Nusantara :bAsal Mula danau Toba /cTira Ikranegara aJakarta :bPustaka Sandro Jaya,c2009 a96 Halaman :bDunia Pengetahuan ;c20 x 14 cm amendongeng memiliki banyak manfaat positif untuk tumbuh kembang anak 4aCerita Rakyat